00665cam a22002293a 450000100060000000300060000600500170001200800410002904000150007004200070008505000070009210000330009924500760013226000290020850600300023751600200026765300200028765300260030765300310033383000290036485600420039331935PGUSA20140828083706.0100410s2010||||xxu|||||s|||||000 | eng d aPGUSAbeng adc 4aPJ1 aLangdon, Stephen,d1876-193710aSumerian Liturgies and Psalmsh[electronic resource] /cStephen Langdon bProject Gutenberg,c2010 aPublic domain in the USA. aElectronic text aHymns, Sumerian aSumerians -- Religion aSumerian language -- Texts 0aProject Gutenbergv3193540uhttp://www.gutenberg.org/ebooks/31935